15 Personnages de Tintin - Statistiques

Statistiques générales
  • Ce quiz a été pris 523 fois
  • Le résultat moyen est 12 sur 15
Statistiques - réponses
Hint Réponse % Correct
Le chien, fidèle compagnon du héro Milou
100%
Le héros Tintin
100%
Il a aussi un jumeau Dupont
99%
Il n'est pas sourd, juste un peu sourd d'oreille Le professeur Tournesol
98%
Le marin, qui emploie des jurons particuliers Le capitaine Haddock
97%
Chanteuse d'opéra, elle perd ses bijoux dans un des albums La castafiore
96%
Il a un jumeau Dupond
95%
Soigné, discret et dévoué, il est le maître d'hôtel de Moulinsart Nestor
82%
Ce chef de gang peu aimable est reconnaissable pas son nez Rastapopoulos
76%
Ce jeune homme d'origine chinoise va disparaître lors d'un crash d'avion Tchang
75%
Militaire et homme politique, il est aussi lanceur de couteaux Le général Alcazar
69%
Les intrusions à Moulinsart de cet assureur exaspère un certain marin Seraphin Lampion
64%
Il est le fils capricieux de l'émir Mohammed Ben Kalish Ezab Abdallah
60%
Comploteur, faux-monnayeur et ennemi de notre héros on le retrouve d'Angleterre au Moyen Orient Le docteur Müller
56%
Spécialiste de l'Amérique, il s'intéresse particulièrement au Pérou, il possède une momie en vitrine Le professeur Bergamotte
33%
Aucun quiz correspondant
Distribution des résultats
% des personnes avec chaque résultat
Percentile par nombre de réponses
Votre historique - résultats
Vous n’avez pas pris ce quiz